00326nam a2200121Ia 4500008004100000082002000041100001600061245004300077250000800120260004900128300001000177650001700187150201s2006 xx 000 0 und d a612.015bB2006H aHARBANS LAL aBIOCHEMISTRY FOR B.SC NURSING STUDENTS a1ST bC.B.S PUBLISHERS & DISTRIBUTERSaDELHIc2006 a1-267 aBIOCHEMISTRY